000 00434nam a2200169Ia 4500
008 090711s9999 xx 000 0 und d
082 _b69602
100 _aभागवत शशी
245 _aमर्मभेद
260 _c1992
300 _a485
600 _aभागवत शशी
630 _aमर्मभेद
700 _aभागवत शशी
730 _aमर्मभेद
942 _cBOOK
999 _c304036
_d304036